01454nam a2200325 i 4500003000900000005001700009007000300026008004100029020001800070040003000088041000800118082002500126100003400151245013700185264006600322300005500388336002700443337003200470338002800502500002200530504003200552590002700584600004400611651007100655910001400726942001400740952015100754952020600905999001701111DO-SdBNP20250623103715.0ta110411s2007 dr ac 001 0 spa d a9780786430727 aDO-SdBNPbspacBNPHUerda heng 4a972.93054bB742b2221 aBosch, Brian J.955536eautor10aBalaguer and the Dominican military :bpresidential control of the factional officer corps in the 1960s and 1970s /cBrian J. Bosch  aNorth Carolina, Estados Unidos :bMcFarland y company,c2007. a325 páginas :bilustraciones, retratos ;c23 cm. 2rdacontentatextobtxt 2rdamediaasinmediaciónbn 2rdacarrieravolumenbnc aIncluye índice. aBibliografía : p. 311-317 aInventariado, 2022/ YL10a Balaguer, Joaquín,d1906-2002976556 4aRepública DominicanaxFuerzas ArmadasxHistoriaySiglo XX955537 aYLockward 2ddccLBS1 00102ddc51708PDaBNPHUbBNPHUcCTd2022-03-29eDonado por Johanna Miesesl0oBNPHU PD 972.93054 B742bp2022-4578r2022-10-27w2022-10-27yLBS1 00102ddc51708PDaBNPHUbBNPHUcCTd2024-05-20eDonaciónl0oBNPHU PD 972.93054 B742bp2024-3048r2024-05-20te.2w2024-05-20yLBS1zPerteneció a la biblioteca personal de Emilio Cordero Michel. c52663d52663